000
00287nam a2200109 a 4500
008
110518s |||| d
245
1
0
_a
Košice 1924-1959
_p
35 rokov medzinárodného maratónu mieru
044
_a
xo
_c
SK
041
_a
slo
020
_c
18,10
100
1
_a
Bukovský, Vojtech
999
_c
19676
_d
19676